Význam empatie v práci manažéra

Zhodnotenie úrovne emocionálnej inteligencie manažérov v princípe empatia, v závislosti od pohlavia, vekovej kategórie a manažérskej praxe.

Enregistré dans:
Détails bibliographiques
Auteur principal: Minárová, Martina
Format: Chapitre de livre
Langue:slovaque
Sujets:
Tags: Ajouter un tag
Pas de tags, Soyez le premier à ajouter un tag!

MARC

LEADER 00000naa a2200000 4500
001 0165858
005 20231211131309.1
041 0 |a slo 
044 |a SK 
245 1 0 |a Význam empatie v práci manažéra  |c Martina Minárová 
520 |a Zhodnotenie úrovne emocionálnej inteligencie manažérov v princípe empatia, v závislosti od pohlavia, vekovej kategórie a manažérskej praxe. 
610 2 0 |a inteligencia emocionálna 
610 2 0 |a empatia 
610 2 0 |a manažéri 
100 1 |a Minárová, Martina